000 00839nam a2200313Ia 4500
008 160803s9999 xx 000 0 und d
020 _a9780545587556
100 _aUnderwood, Deborah
245 2 _aA balloon for Isabel /
245 _cby Deborah Underwood ; illustrations by Laura Rankin.
260 _aNew York :
260 _bScholastic Inc.
260 _c2010
300 _a28 unnumbered pages :
300 _bcolor illustrations ;
300 _c28 cm.
500 _aOriginally published: New York : Greenwillow Books, c2010.
650 _aBalloons --
650 _aCandy --
650 _aGraduation (School) --
650 _aPorcupines --
650 _aSchools --
650 _xFiction.
650 _xFiction.
650 _xFiction.
650 _xFiction.
650 _xFiction.
700 _a510
999 _c299518
_d299518